000 01699cam a22004694i 4500
003 PE-LiUPU
005 20250731173327.0
008 150625s2008 enka r 000 0 eng d
020 _a9780825461996
035 _a(Sirsi) i9780825461996
040 _aPE-LiUPU
_bspa
_cPE-LiUPU
_erda
049 _aPRUA
082 0 4 _a220.9322
_bH66
_221
100 1 _aHoffmeier, James Karl,
_d1951- ,
_eautor.
245 1 4 _aThe archaeology of the Bible /
_cJames K. Hoffmeier.
264 1 _aOxford :
_bLion,
_c2008.
300 _a192 páginas :
_bilustraciones ;
_c25 centímetros
336 _atext
_2rdacontent
337 _aunmediated
_2rdamedia
338 _avolume
_2rdacarrier
500 _aDos ejemplares en español (60891 ; 61924 = 220.93/H66).
505 0 _aIntroduction to archaeology and its application to the old testament -- The land and kings of Israel -- New Testament times.
526 _aSEG42
526 _aSEG41
526 _aSEG40
526 _aSEG39
526 _aP94
526 _aP87
526 _aP86
526 _aP85
526 _aP77
526 _aP76
526 _aP35
541 _g01961-7000;
630 0 4 _aBiblia
_xAntigüedades.
910 _agl
_bjv
_clch
_d20081128
942 _2ddc
_cBOOK
949 _a220.9322 H66
_wDEWEY
_c1
_i58797
_lCCODEBUL1
_mBUL
_p22.00
_r0
_sY
_tBOOK
_u2015-6-25
_xTEOLOGIA
_zUNKNOWN
_0COMPRA
_o.STAFF. Colección General
994 _aC0
_bPEPRU
596 _a1
999 _a220.9322 H66
_wDEWEY
_c47658
_i58797
_d47658
_e2019-11-3
_f2021-11-9
_g5
_lCCODEBUL1
_mBUL
_n7
_p22.00
_q11
_r0
_sY
_tBOOK
_u2015-6-25
_xTEOLOGIA
_PP35
_0COMPRA
_o.STAFF. Colección Teología
980 _81
_gALBERTO SANCHEZ Responsable de Automatización